| 000 | 00804nam a2200229 a 4500 | ||
|---|---|---|---|
| 001 | 000017182 | ||
| 005 | 20200929165036.0 | ||
| 008 | 100319s1985 dr 001 0 spa d | ||
| 040 |
_aDO-SdBNP _bspa _cBNPHU |
||
| 082 |
_a468.1 _bZ88m, 1985 |
||
| 100 | 1 |
_aZorrilla, Mercedes _936378 |
|
| 245 | 1 | 0 |
_aManual de ortografía : _bteoría y práctica / _cMercedes Zorrilla. |
| 250 | _a2a. ed. | ||
| 260 |
_aSanto Domingo : _bUniversitaria, _c1985. |
||
| 300 |
_a75 p. ; _c21 cm. |
||
| 490 | 1 |
_aPublicaciones de la Universidad Autónoma de Santo Domingo _v443 |
|
| 504 | _aBibliografía : p. 75 | ||
| 590 | _aInventariado, 2018/LP | ||
| 650 | 4 |
_aEspañol _xOrtografía _91453 |
|
| 830 | 0 |
_aPublicaciones de la Universidad Autónoma de Santo Domingo ; _n443 _937813 |
|
| 910 | _aValidado. Control de calidad MFF | ||
| 999 |
_c16708 _d16708 |
||